| 000 | 00379nam a2200145Ia 4500 | ||
|---|---|---|---|
| 100 | _aGillet/Billy E | ||
| 942 | _cBK | ||
| 366 | _f20 | ||
| 654 | _aoperation research | ||
| 245 | _aIntroduction to Operation Research:Computer oriented algorithmic approach | ||
| 260 |
_bTata Mc Graw hill Ltd. _aNew Delhi _c1976 |
||
| 082 | _a658.4034/GIL | ||
| 300 | _a617 | ||
| 546 | _aENGLISH | ||
| 999 |
_c19531 _d19531 |
||